How to draw & paint landscape : techniques,materials and demonstrations

Bibliographic Details
Other Authors: Smith, Stan
Format: Book
Published: London : New Burlington Books , 1988
Subjects:

MARC

LEADER 00000cam a2200000 7i4500
001 0000009966
002 000010856
005 20000330.0
020 |a 0906286875 
090 0 0 |a 743.836   |b HOW 
245 0 0 |a How to draw & paint landscape :   |b techniques,materials and demonstrations   |c consultant editor Stan Smith 
260 |a London :   |b New Burlington Books ,   |c 1988 
300 |a 61 p. :   |b ill. ;   |c 30 cm. 
650 0 0 |a Painting   |x Technique 
700 1 |a Smith, Stan 
999 |a 015633   |b BUKU   |c PINJAMAN   |e PERPUSTAKAAN KOMUNITI PETALING JAYA 
999 |a 018168   |b BUKU   |c PINJAMAN   |e PERPUSTAKAAN KOMUNITI PETALING JAYA